000 00318nam a2200133Ia 4500
005 20251222155131.0
008 251222s9999||||xx |||||||||||||| ||spa||
082 _aINV. 06
100 _aPOPPER Karl.
245 0 _aLa Lógica de la Investigación Cientifica
250 _a1ra. ed.
264 _bTecnos
942 _cLIB
999 _c38797
_d38797